Culture Générale - Clic Quiz - La réponse est en image #13 - Statistiques

Statistiques générales
  • Ce quiz a été pris 472 fois
    299 depuis la dernière actualisation
  • Le résultat moyen est 28 sur 40
Statistiques - réponses
Hint Réponse % Correct
Accolades
92%
DreamWorks Animation
90%
Gendarme (insecte)
88%
Oeuf Au Plat
87%
Oeuf à la coque
87%
Marilyn Monroe
86%
Œufs brouillés
86%
Roumanie
86%
Cafard
85%
Scarabée
85%
Brigitte Bardot
84%
Oeuf dur
84%
Adobe Acrobat
83%
Omelette
83%
Angelina Jolie
83%
œuvre soumise à copyright dans les pays de common law et couramment employé pour indiquer qu'une œuvre est soumise au droit d'auteur
79%
Equateur
76%
Point d'ironie
75%
Evan Fournier (Basket)
75%
Punaise de lit
74%
Ubisoft
73%
Mike Maignan (Football)
73%
Hongrie
71%
Simon Gauzy (Tennis de Table)
70%
Maria Callas
68%
Bulgarie
67%
Moldavie
66%
Victor Perez (Golf)
64%
Esperluette
63%
Prie-Dieu
60%
Termite
60%
Demi Moore
60%
Guéridon
50%
Panetière provençale
48%
Giovanni Mpetshi Perricard (Tennis)
44%
Marque de référence (appelé aussi astérisque de note ou komé)
44%
Reuters
43%
Marquise
39%
CBS
38%
Psyché
32%
Aucun quiz correspondant
Distribution des résultats
% des personnes avec chaque résultat
Percentile par nombre de réponses
Votre historique - résultats
Vous n’avez pas pris ce quiz depuis la dernière actualisation